000
00245nam a2200097Ia 4500
005
20251222175817.0
008
251222s9999||||xx |||||||||||||| ||spa||
082
_a
DVD0070/A62/1966
245
0
_a
Blow-Up:Deseo de una maƱana de verano
942
_c
DVD
999
_c
40343
_d
40343